000 00755nam a2200253 i 4500
001 104909
003 ES-MaACL
005 20250808072354.0
007 t|
008 060524s1943 fr ||||1| fre d
080 _a944"17"
100 1 _aStryienski, Casimir.
_9108482
245 1 3 _aLe XVIIIe. siècle /
_cpar C. Stryienski.
250 _a12ª ed.
260 _aParis :
_bHachette,
_c[1943]
300 _a375 p. ;
_c21 cm.
490 1 _aL'Histoire de France racontée áa tous
500 _aBiblioteca Jacinto Martínez Lacalle.
651 4 _aFrancia-
_xHistoria-
_y1715-1792
_98702
830 0 _aL'Histoire de France racontée áa tous
_9184861
852 _aES-MaACL
_jE-11226
_9R.138920
_cDEPO2
942 _2udc
999 _c104909
_d104909